BUSINESS LAW (Record no. 29488)

MARC details
000 -LEADER
fixed length control field 00329nam a22001577a 4500
003 - CONTROL NUMBER IDENTIFIER
control field SGT
020 ## - INTERNATIONAL STANDARD BOOK NUMBER
International Standard Book Number 978-93-5930-161-7
082 ## - DEWEY DECIMAL CLASSIFICATION NUMBER
Classification number 346.07
Item number KUC
100 ## - MAIN ENTRY--PERSONAL NAME
Personal name KUCHAHAL, M.C.
245 ## - TITLE STATEMENT
Title BUSINESS LAW
250 ## - EDITION STATEMENT
Edition statement 9TH
260 ## - PUBLICATION, DISTRIBUTION, ETC. (IMPRINT)
Place of publication, distribution, etc INDIA
Name of publisher, distributor, etc VIKASH PUB.
Year of Publication 2024
300 ## - PAGE DESCRIPTION
No. of Pages 471
650 ## - SUBJECT ADDED ENTRY--TOPICAL TERM
Topical term or geographic name as entry element BUSINESS LAW
942 ## - ADDED ENTRY ELEMENTS (KOHA)
Source of classification or shelving scheme Dewey Decimal Classification
Koha item type Books
Holdings
Withdrawn status Lost status Source of classification or shelving scheme Damaged status Not for loan Collection code Home library Current library Shelving location Date acquired Vendor Name Cost, normal purchase price SGTU Bill Number Full call number Accession No. (Barcode) Date last seen Bill Date Koha item type Total Checkouts Date last borrowed
    Dewey Decimal Classification   Not For Loan COMMERCE MANAGEMENT SGT Science & Social Sciences Library SGT Science & Social Sciences Library Reference Book 28/01/2025 SAVERA BOOK DISTRIBUTORS 525.00 SGTU 24-25/CRB/763 346.07 KUC CM7303 28/01/2025   Books    
    Dewey Decimal Classification     COMMERCE MANAGEMENT SGT Science & Social Sciences Library SGT Science & Social Sciences Library Text Book 28/01/2025 SAVERA BOOK DISTRIBUTORS 525.00 SGTU 24-25/CRB/763 346.07 KUC CM7304 15/04/2026   Books 6 30/03/2026